Letters Minefield: Countries of Africa Quiz Stats

Quiz Updated May 13, 2015

Challenge
Share
Tweet
Embed
Score 0/15 Timer 01:00
12 Plays Today
% Correct
???
90.9%
???
90.7%
???
90.4%
???
84.6%
???
83%
???
82.8%
???
81.7%
???
80.1%
% Correct
???
79.5%
???
78.1%
???
75.2%
???
74.6%
???
72.1%
???
63.5%
???
61.2%

You're not logged in!

Compare scores with friends on all Sporcle quizzes.
Sign Up with Email
OR
Log In

Show Comments

Extras

Top Quizzes Today


Score Distribution

Your Account Isn't Verified!

In order to create a playlist on Sporcle, you need to verify the email address you used during registration. Go to your Sporcle Settings to finish the process.

Report this User

Report this user for behavior that violates our Community Guidelines.

Details: